Východiská z krízy na Slovensku z pohľdu SOPK

Príčiny svetovej ekonomickej krízy a jej prenos na Slovensko. Dopady krízy na podnikateľský sektor na Slovensku. Výsledky ekonomického prieskumu.

Guardado en:
Detalles Bibliográficos
Autor principal: Trančík, Ivan
Otros Autores: Vlčko, Ján
Formato: Capítulo de libro
Lenguaje:eslovaco
Materias:
Etiquetas: Agregar Etiqueta
Sin Etiquetas, Sea el primero en etiquetar este registro!

MARC

LEADER 00000naa$a2200000$$$4500
001 0107009
005 20231011094129.6
041 0 |a slo 
044 |a SK 
245 1 0 |a Východiská z krízy na Slovensku z pohľdu SOPK  |c Ivan Trančík, Ján Vlčko 
520 |a Príčiny svetovej ekonomickej krízy a jej prenos na Slovensko. Dopady krízy na podnikateľský sektor na Slovensku. Výsledky ekonomického prieskumu. 
610 2 0 |a podnikanie 
610 2 0 |a kríza hospodárska 
610 2 0 |a prostredie podnikateľské 
610 2 0 |a Slovensko 
610 2 0 |a politika hospodárska 
100 1 |a Trančík, Ivan 
700 1 |a Vlčko, Ján